00629 2200229 4500001002100000005001700021008004100038035002400079040001200103082001300115090002000128100001400148245005700162250001100219260003600230300002700266500003300293650002300326850001200349990001900361990001900380YOGYA-0209000004763420090227031612.0 ind  0010-020900000047634 aYOPDYOG a808.8387 a808.8387bMay P aMAY, Karl aPengembaraan Dr. Karl Maybwasiat winnetoncKarl May aCet. 6 aJakartabPradnya Paramitac1989 a... jilidbilusc20 cm aYang diterima : jil. 1 dan 2 aCerita petualangan aYOPDYOG a107998-P/98b1 a108000-P/98b1